000 01115cam a2200469ua 4500
041 _amal
_h
082 _a530
_bVAS/BH
100 _aVasanthamony, K R .
245 _aPre degree bhoutikam - 1 /
_cK R Vasanthamony.
_hTextual Documents
250 _a1 /
_b.
260 _aThiruvananthapuram :
_bState Instititute of Languages ,
_c1979.
300 _a305 ; .
504 _a
942 _cBK
999 _c6208
_d6208